Federated States - Statistics

General Stats
  • This quiz has been taken 30 times
  • The average score is 17 of 27
Answer Stats
Country % Correct
Canada
93%
Germany
93%
Mexico
93%
Russia
93%
United States
93%
Argentina
87%
Brazil
87%
Australia
80%
India
80%
Micronesia
80%
United Arab Emirates
67%
Venezuela
67%
Austria
60%
Ethiopia
60%
Nigeria
60%
Switzerland
60%
Iraq
53%
Malaysia
53%
Pakistan
53%
Sudan
47%
South Sudan
40%
Belgium
33%
Bosnia and Herzegovina
27%
Comoros
27%
Nepal
27%
Somalia
27%
Saint Kitts and Nevis
20%
No matching quizzes found
Score Distribution
Percent of People with Each Score
Percentile by Number Answered
Your Score History
You have not taken this quiz